British Towns and Cities by Clue - Statistics

General Stats
  • This quiz has been taken 336 times
  • The average score is 10 of 14
Answer Stats
Hint Answer % Correct
Site of the Great Fire in 1666 London
98%
Birthplace of The Beatles Liverpool
93%
Scottish city known as the "Granite City" Aberdeen
89%
Where the Titanic was built Belfast
81%
Home of the British steel industry Sheffield
78%
Third largest city. Historically part of Lancashire Manchester
72%
Where Nelson's flagship, HMS Victory is permanently docked Portsmouth
70%
Known in Welsh as "Abertawe" Swansea
69%
Has a football team called "_______ North End" Preston
66%
Considered to be the first manufacturing city in the world Birmingham
58%
Town in Derbyshire famous for mineral water Buxton
58%
Eastern city famous for the wool trade in the Middle Ages Norwich
48%
Large town in Shropshire named after a Victorian engineer Telford
44%
Largest settlement on Anglesey Holyhead
31%
No matching quizzes found
Score Distribution
Percent of People with Each Score
Percentile by Number Answered
Your Score History
You have not taken this quiz